000
00297 a2200109 4500
001
146846
040
_c
Escola São Tomás de Aquino
240
1
0
_a
O livro da selva 2
_l
por
245
1
0
_a
O livro da selva 2
697
_a
Caricaturas, desenho animado, cômico, fotonovelas / Quadrinhos
942
_c
BK
999
_c
146846
_d
146846